000
00330nam a2200121Ia 4500
008
190722s9999 xx 000 0 und d
020
_a
978-81-8487-402-0
100
_a
Shubham Agarwal
245
0
_a
Computer Based Optimization Tecniques
260
_a
New Delhi
_b
Narosa Publishing House Pvt. Ltd.
_c
2015
300
_a
296
942
_c
BK
999
_c
209
_d
209